Detalles MARC
| 000 -CABECERA |
| campo de control de longitud fija |
01120nam a2200193 a 4500 |
| 001 - NÚMERO DE CONTROL |
| campo de control |
000029981 |
| 005 - FECHA Y HORA DE LA ÚLTIMA TRANSACCIÓN |
| campo de control |
20250204073952.0 |
| 008 - DATOS DE LONGITUD FIJA--INFORMACIÓN GENERAL |
| campo de control de longitud fija |
110428s1989 dr r 000 0 spa d |
| 040 ## - FUENTE DE LA CATALOGACIÓN |
| Centro catalogador/agencia de origen |
DO-SdBNP |
| Lengua de catalogación |
spa |
| Centro/agencia transcriptor |
BNPHU |
| 082 ## - NÚMERO DE LA CLASIFICACIÓN DECIMAL DEWEY |
| Número de clasificación |
xxxx |
| Número de documento/Ítem |
P311o |
| 100 1# - ENTRADA PRINCIPAL--NOMBRE DE PERSONA |
| Nombre de persona |
Patín Maceo, Manuel A., |
| Forma completa/desarrollada del nombre |
(Manuel Antonio) |
| Fechas asociadas al nombre |
1892-1968 |
| 9 (RLIN) |
36996 |
| 245 10 - MENCIÓN DE TÍTULO |
| Título |
Obras lexicográficas / |
| Mención de responsabilidad, etc. |
Manuel A Patín Maceo ; prólogo Mariano Lebrón Saviñón ; edición José Chez Checo. |
| 260 ## - PUBLICACIÓN, DISTRIBUCIÓN, ETC. |
| Lugar de publicación, distribución, etc. |
Santo Domingo : |
| Nombre del editor, distribuidor, etc. |
Sociedad Dominicana de Bibliófilos, |
| Fecha de publicación, distribución, etc. |
1989. |
| Fabricante |
Corripio |
| 300 ## - DESCRIPCIÓN FÍSICA |
| Extensión |
355 p. ; |
| Dimensiones |
24 cm. |
| 500 ## - NOTA GENERAL |
| Nota general |
Incluye referencias bibliográficas y notas al pie de las páginas |
| 505 0# - NOTA DE CONTENIDO CON FORMATO |
| Nota de contenido con formato |
Semblanza de Patín Maceo / |
| Mención de responsabilidad |
por Enrique Patín Veloz -- |
| Título |
Informe que rinde a la Academia Dominicana de la Lengua la comisión designada para la el estudio de la Obra "Dominicanismos" / |
| Mención de responsabilidad |
Lic. Manuel A. Patín Maceo -- |
| Título |
La academia Dominicana de la Lengua Correspondiente de La Española |
| -- |
Dominicanismos / |
| -- |
Americanismos en el lenguaje dominicano / |
| 700 1# - PUNTO DE ACCESO ADICIONAL--NOMBRE DE PERSONA |
| Nombre de persona |
Lebrón Saviñon, Mariano |
| Fechas asociadas al nombre |
1922-2014 |
| Término indicativo de función/relación |
pról. |
| 9 (RLIN) |
7227 |
| 700 1# - PUNTO DE ACCESO ADICIONAL--NOMBRE DE PERSONA |
| Nombre de persona |
Chez Checo, José, |
| Fechas asociadas al nombre |
1949- |
| Término indicativo de función/relación |
ed. |
| 9 (RLIN) |
10145 |